Logisztikai projektek környezettudatos megvalósítása az Audi Hungaria Motor Kft. járműgyárában

Bibliographic Details
Main Author: Kovács Kinga
Other Authors: Gritsch Dr. Mátyás
Format: Thesis
Kulcsszavak:Logisztika
Energiahatékonyság
Környezetvédelem
Audi Hungaria
Fenntarthatóság
Logisztikai fejlesztés
Online Access:http://dolgozattar.uni-bge.hu/3837

MARC

LEADER 00000nta a2200000 i 4500
001 dolg3837
005 20160518143223.0
008 151207suuuu hu om 000 hun d
040 |a BGE Dolgozattár Repozitórium  |b hun 
041 |a hu 
100 1 |a Kovács Kinga 
245 1 0 |a Logisztikai projektek környezettudatos megvalósítása az Audi Hungaria Motor Kft. járműgyárában  |c Kovács Kinga  |h [elektronikus dokumentum] 
695 |a Logisztika 
695 |a Energiahatékonyság 
695 |a Környezetvédelem 
695 |a Audi Hungaria 
695 |a Fenntarthatóság 
695 |a Logisztikai fejlesztés 
700 1 |a Gritsch Dr. Mátyás  |e ths 
856 4 0 |u http://dolgozattar.uni-bge.hu/3837/1/Diplomadolgozat_Kov%C3%A1cs%20Kinga.pdf  |z Dokumentum-elérés